| 000 | 00429nam a22001697a 4500 | ||
|---|---|---|---|
| 005 | 20180810110625.0 | ||
| 008 | 160614b xxu||||| |||| 00| 0 eng d | ||
| 020 | _a81-203-1200-7 | ||
| 041 | _aeng | ||
| 082 |
_b7384 _a658.3 |
||
| 100 |
_aMcKenna, Eugene AND Beech, Nic _92725 |
||
| 245 | _aThe Essence of Human Resource management | ||
| 260 |
_bPHI _c2004 _adelhi |
||
| 300 | _a196p, | ||
| 650 |
_aManagement _9241 |
||
| 942 | _cBK | ||
| 999 |
_c2628 _d2627 |
||